Höchster Marktwert 2022 Fußball - Statistiken

Allgemein
  • Dieses Quiz wurde 1.633 mal gespielt
  • Das Durchschnittsergebnis liegt bei 14 aus 20
Antwortstatistiken
Verein Antwort % Korrekt
Paris 160 Mio Mbappe
99%
Manchester City 150 Mio Haaland
98%
Tottenham 90 Mio Kane
95%
Liverpool 100 Mio Salah
93%
Real Madrid 100 Mio Vinicius
91%
Dortmund 80 Mio Bellingham
80%
Tottenham 80 Mio Son
79%
Manchester City 90 Mio De Bruyne
76%
Manchester City 90 Mio Foden
76%
Fc Bayern München 80 Mio Kimmich
72%
Rb Leipzig 80 Mio Nkunku
70%
Liverpool 80 Mio Mane
69%
Barcelona 80 Mio Pedri
68%
Juventus Turin 85 Mio Vlahovic
65%
Manchester United 90 Mio Bruno Fernandes
57%
Manchester United 80 Mio Sancho
56%
Manchester City 85 Mio Sterling
48%
Manchester City 80 Mio Grealish
43%
Liverpool 80 Mio Alexander-Arnold
40%
Chelsea Fc 85 Mio Lukaku
38%
Keine übereinstimmenden Quizze gefunden
Verteilung der Resultate
Anzahl Personen mit jedem Resultat
Perzentil nach korrekt beantworteten Fragen
Ihre Resultats-Entwicklung
Sie haben dieses Quiz noch nicht gespielt